000 01510nam a2200361 a 4500
001 ebr10511250
003 CaPaEBR
006 m u
007 cr cn|||||||||
008 110729s2011 ne sb 001 0 eng d
010 _z 2011031920
020 _z9789027234780 (alk. paper)
020 _z9789027283405 (e-book)
040 _aCaPaEBR
_cCaPaEBR
035 _a(OCoLC)767579344
050 1 4 _aP118.65
_b.A27 2011eb
082 0 4 _a401/.93
_223
245 0 4 _aThe acquisition of relative clauses
_h[electronic resource] :
_bprocessing, typology and function edited by /
_cEvan James Kidd.
260 _aAmsterdam ;
_aPhiladelphia :
_bJ. Benjamins,
_c2011.
300 _aviii, 244 p.
490 1 _aTrends in language acquisition research ;
_vv. 8
504 _aIncludes bibliographical references and index.
533 _aElectronic reproduction.
_bPalo Alto, Calif. :
_cebrary,
_d2013.
_nAvailable via World Wide Web.
_nAccess may be limited to ebrary affiliated libraries.
650 0 _aLanguage acquisition
_xAge factors.
650 0 _aGrammar, Comparative and general
_xRelative clauses.
650 0 _aLanguage awareness in children.
650 0 _aCommunicative competence in children.
655 7 _aElectronic books.
_2local
700 1 _aKidd, Evan James.
710 2 _aebrary, Inc.
830 0 _aTrends in language acquisition research ;
_vv. 8.
856 4 0 _uhttp://site.ebrary.com/lib/rucke/Doc?id=10511250
_zAn electronic book accessible through the World Wide Web; click to view
999 _c120387
_d120387